[Event "Innsbruck op-A 2nd"]
[Site "Innsbruck"]
[Date "2018.08.29"]
[Round "6"]
[White "Ruff, Maximilian"]
[Black "Beshukov, Sergei"]
[Result "1/2-1/2"]
[WhiteElo "2281"]
[BlackElo "2421"]
[PlyCount "66"]
[EventDate "2018.08.24"]
[EventType "swiss"]
[EventRounds "9"]
[EventCountry "AUT"]
[SourceTitle "CBM 186 Extra"]
[Source "ChessBase"]
[SourceDate "2018.08.24"]
[SourceVersion "1"]
[SourceVersionDate "2018.08.24"]
[SourceQuality "1"]

1. d4 d5 2. c4 c6 3. cxd5 cxd5 4. Bf4 Nc6 5. e3 Nf6 6. Nc3 a6 7. Be2 Bf5 8. Nf3 e6 9. Qb3 Ra7 10. Ne5 Nxe5 11. Bxe5 Nd7 12. 0-0 Nxe5 13. dxe5 Be7 14. Qa4+ Kf8 15. e4 dxe4 16. Rfd1 Qa8 17. Rd7 b5 18. Rxa7 Qxa7 19. Nxb5 Qb7 20. Nd6 Bxd6 21. exd6 Qxb2 22. Qd1 e3 23. fxe3 g5 24. Rc1 Kg7 25. Rc7 Rd8 26. Bh5 Bg6 27. Bxg6 hxg6 28. d7 Qe5 29. Rc8 Qxe3+ 30. Kf1 Qf4+ 31. Kg1 Qe3+ 32. Kf1 Qf4+ 33. Kg1 Qe3+ 1/2-1/2

[Event "Innsbruck op-A 2nd"]
[Site "Innsbruck"]
[Date "2018.08.28"]
[Round "5"]
[White "Beshukov, Sergei"]
[Black "Van den Doel, Erik"]
[Result "0-1"]
[WhiteElo "2421"]
[BlackElo "2598"]
[PlyCount "106"]
[EventDate "2018.08.24"]
[EventType "swiss"]
[EventRounds "9"]
[EventCountry "AUT"]
[SourceTitle "CBM 186 Extra"]
[Source "ChessBase"]
[SourceDate "2018.08.24"]
[SourceVersion "1"]
[SourceVersionDate "2018.08.24"]
[SourceQuality "1"]

1. Nf3 d5 2. g3 Bg4 3. Bg2 c6 4. 0-0 Nd7 5. d4 e6 6. Nbd2 Ngf6 7. Re1 Be7 8. e4 0-0 9. e5 Ne8 10. Nb3 c5 11. dxc5 Nxc5 12. c3 Nc7 13. Nxc5 Bxc5 14. Be3 Na6 15. Bxc5 Nxc5 16. Qd4 Bxf3 17. Qxc5 Bxg2 18. Kxg2 Qd7 19. Rad1 Rfc8 20. Qe3 Qb5 21. Rd2 Rc4 22. Qg5 h6 23. Qh5 Rac8 24. Re3 a5 25. Rf3 R8c7 26. Re3 Qc6 27. Qf3 b5 28. a3 b4 29. cxb4 axb4 30. b3 Rc1 31. axb4 Qb5 32. Qe2 Qxb4 33. Ra2 R7c3 34. Ra8+ Kh7 35. Rxc3 Rxc3 36. Ra7 Kg6 37. h4 h5 38. Kh2 Qe4 39. Qxe4+ dxe4 40. Rb7 Rc5 41. Ra7 Rxe5 42. Ra1 Rb5 43. Rb1 Rb4 44. Kg2 Kf5 45. f3 exf3+ 46. Kxf3 e5 47. Kg2 Kg4 48. Kh2 f5 49. Rb2 e4 50. Rb1 e3 51. Kg2 g6 52. Ra1 f4 53. gxf4 Rxb3 0-1

[Event "Innsbruck op-A 2nd"]
[Site "Innsbruck"]
[Date "2018.08.26"]
[Round "3"]
[White "Ganaus, Hannes"]
[Black "Beshukov, Sergei"]
[Result "0-1"]
[WhiteElo "2290"]
[BlackElo "2421"]
[PlyCount "70"]
[EventDate "2018.08.24"]
[EventType "swiss"]
[EventRounds "9"]
[EventCountry "AUT"]
[SourceTitle "CBM 186 Extra"]
[Source "ChessBase"]
[SourceDate "2018.08.24"]
[SourceVersion "1"]
[SourceVersionDate "2018.08.24"]
[SourceQuality "1"]

1. d4 d5 2. c4 c6 3. Nf3 Nf6 4. Nc3 e6 5. Qc2 dxc4 6. e4 b5 7. Be2 Bb7 8. 0-0 Be7 9. Bg5 h6 10. Bxf6 Bxf6 11. e5 Be7 12. Ne4 Nd7 13. b3 cxb3 14. axb3 0-0 15. Rfc1 Qb8 16. Qb2 a5 17. Bd3 Rc8 18. Nc5 Nxc5 19. dxc5 Rd8 20. Qe2 Rd5 21. Qe4 g6 22. Qe3 Qf8 23. Be4 Bxc5 24. Qf4 Rd7 25. h4 Bb4 26. Rd1 Rad8 27. Rxd7 Rxd7 28. Nh2 h5 29. g4 Bd2 30. Qf3 Qc5 31. Rd1 Qxe5 32. gxh5 gxh5 33. Bxc6 Bxc6 34. Qxc6 Rd5 35. Qa8+ Kg7 0-1

[Event "Andorra op 36th"]
[Site "Escaldes"]
[Date "2018.07.22"]
[Round "2"]
[White "Beshukov, Sergei"]
[Black "Tleptsok, Ruslan Aslanovich"]
[Result "1-0"]
[WhiteElo "2417"]
[BlackElo "2126"]
[PlyCount "89"]
[EventDate "2018.07.21"]
[EventType "swiss"]
[EventRounds "9"]
[EventCountry "AND"]
[SourceTitle "CBM 185 Extra"]
[Source "ChessBase"]
[SourceDate "2018.07.29"]
[SourceVersion "1"]
[SourceVersionDate "2018.07.29"]
[SourceQuality "1"]

1. Nf3 d5 2. g3 Nf6 3. Bg2 c6 4. 0-0 g6 5. d4 Bg7 6. c4 0-0 7. cxd5 cxd5 8. Ne5 Nc6 9. Nc3 Qb6 10. Nxc6 Qxc6 11. Qb3 Rd8 12. Bg5 Be6 13. Rfd1 Qd7 14. Qa3 h6 15. Bf4 Nh5 16. Be3 Nf6 17. f3 Bh3 18. Bh1 h5 19. Rac1 h4 20. g4 Bxg4 21. fxg4 Qxg4+ 22. Kf2 Qh3 23. Bf3 Qxh2+ 24. Ke1 e5 25. dxe5 Qxe5 26. Bd4 Qg3+ 27. Bf2 Qg5 28. Qc5 b6 29. Qe3 Bh6 30. Qxg5 Bxg5 31. Rb1 h3 32. Nxd5 Nxd5 33. Rxd5 Rxd5 34. Bxd5 Rd8 35. Bf3 f5 36. Rd1 Rc8 37. Bd4 Rc1 38. Rxc1 Bxc1 39. b4 g5 40. e3 g4 41. Bd5+ Kh7 42. Kf2 Kg6 43. Be5 Kg5 44. Bf4+ Kh4 45. Be6 1-0

[Event "Bodensee op"]
[Site "Bregenz"]
[Date "2018.05.12"]
[Round "8"]
[White "Nikolov, Momchil"]
[Black "Beshukov, Sergei"]
[Result "1/2-1/2"]
[WhiteElo "2550"]
[BlackElo "2402"]
[PlyCount "53"]
[EventDate "2018.05.05"]
[EventType "swiss"]
[EventRounds "9"]
[EventCountry "AUT"]
[SourceTitle "CBM 184 Extra"]
[Source "ChessBase"]
[SourceDate "2018.06.28"]
[SourceVersion "1"]
[SourceVersionDate "2018.06.28"]
[SourceQuality "1"]

1. Nf3 d5 2. d4 Nf6 3. c4 c6 4. Nc3 e6 5. e3 Nbd7 6. Qc2 b6 7. Bd3 Bb7 8. 0-0 Be7 9. b3 0-0 10. Bb2 Rc8 11. Rad1 Qc7 12. Ne5 g6 13. Nxd7 Nxd7 14. e4 dxc4 15. Bxc4 b5 16. Bd3 Rfd8 17. Qe2 a6 18. a4 b4 19. Nb1 c5 20. Bxa6 Bxa6 21. Qxa6 c4 22. Qxc4 Qxc4 23. bxc4 Nb6 24. c5 Nxa4 25. Ba1 e5 26. d5 Nxc5 27. Nd2 1/2-1/2

[Event "Rome City op 2nd"]
[Site "Rome"]
[Date "2017.12.06"]
[Round "5"]
[White "Beshukov, Sergei"]
[Black "Can, Emre"]
[Result "0-1"]
[WhiteElo "2401"]
[BlackElo "2605"]
[PlyCount "75"]
[EventDate "2017.12.03"]
[EventType "swiss"]
[EventRounds "9"]
[EventCountry "ITA"]
[SourceTitle "CBM 182 Extra"]
[Source "ChessBase"]
[SourceDate "2018.02.23"]
[SourceVersion "1"]
[SourceVersionDate "2018.02.23"]
[SourceQuality "1"]

1. Nf3 g6 2. g3 Bg7 3. d4 c5 4. Bg2 cxd4 5. Nxd4 Nc6 6. Nb3 d6 7. 0-0 h5 8. h3 Be6 9. Nc3 Qd7 10. Kh2 h4 11. g4 f5 12. g5 Bf7 13. a4 e5 14. f4 e4 15. Nd5 Rc8 16. Ne3 Nge7 17. c3 0-0 18. Ra3 Qc7 19. Nc2 Rfd8 20. Nbd4 a6 21. e3 Qb8 22. Qe1 b5 23. axb5 axb5 24. Bd2 Nxd4 25. Nxd4 Nd5 26. Ra5 b4 27. Qa1 Bxd4 28. exd4 bxc3 29. bxc3 Qb3 30. Be1 Rb8 31. Bxh4 Qxc3 32. Qxc3 Nxc3 33. Kh1 Rb2 34. Re1 Ne2 35. Ra7 Nxf4 36. Bf1 Bd5 37. Kg1 Ne6 38. Rea1 0-1

[Event "Innsbruck op-A 1st"]
[Site "Innsbruck"]
[Date "2017.08.29"]
[Round "5"]
[White "De Francesco, Klaus"]
[Black "Beshukov, Sergei"]
[Result "0-1"]
[WhiteElo "2252"]
[BlackElo "2397"]
[PlyCount "74"]
[EventDate "2017.08.25"]
[EventType "swiss"]
[EventRounds "9"]
[EventCountry "AUT"]
[SourceTitle "CBM 180 Extra"]
[Source "ChessBase"]
[SourceDate "2017.10.06"]
[SourceVersion "1"]
[SourceVersionDate "2017.10.06"]
[SourceQuality "1"]

1. d4 d5 2. c4 c6 3. Nf3 Nf6 4. Nc3 e6 5. Bg5 h6 6. Bh4 dxc4 7. e4 g5 8. Bg3 b5 9. e5 Nd5 10. Nd2 h5 11. h4 g4 12. Nde4 Nd7 13. Be2 Be7 14. Qd2 Bb7 15. f3 Nxc3 16. bxc3 c5 17. Nd6+ Bxd6 18. exd6 gxf3 19. Bxf3 Bxf3 20. gxf3 Qf6 21. Qe3 cxd4 22. cxd4 Rg8 23. Be5 Qf5 24. 0-0-0 Rg2 25. Rd2 Rxd2 26. Kxd2 f6 27. Bh2 Kf7 28. Rg1 Rg8 29. Rxg8 Kxg8 30. Kc1 a6 31. d5 Qxd5 32. Qa7 Qc6 33. Bf4 e5 34. Bh6 Qxd6 35. Qg1+ Kf7 36. Qg7+ Ke6 37. Qg6 Qa3+ 0-1

[Event "Innsbruck op-A 1st"]
[Site "Innsbruck"]
[Date "2017.08.28"]
[Round "3"]
[White "Peyrer, Konstantin"]
[Black "Beshukov, Sergei"]
[Result "0-1"]
[WhiteElo "2078"]
[BlackElo "2397"]
[PlyCount "94"]
[EventDate "2017.08.25"]
[EventType "swiss"]
[EventRounds "9"]
[EventCountry "AUT"]
[SourceTitle "CBM 180 Extra"]
[Source "ChessBase"]
[SourceDate "2017.10.06"]
[SourceVersion "1"]
[SourceVersionDate "2017.10.06"]
[SourceQuality "1"]

1. d4 Nf6 2. Nf3 g6 3. g3 Bg7 4. Bg2 0-0 5. 0-0 d5 6. c3 Nbd7 7. Bf4 c5 8. Nbd2 b6 9. Re1 Bb7 10. a4 Re8 11. a5 Nh5 12. Be3 e5 13. dxe5 Nxe5 14. Nxe5 Bxe5 15. Bh6 Qc7 16. a6 Bc6 17. f4 Bh8 18. e4 d4 19. e5 Rad8 20. Bxc6 Qxc6 21. cxd4 Rxd4 22. Qe2 Nf6 23. Bg5 Nd7 24. Qf3 Qxf3 25. Nxf3 Rb4 26. Re2 f6 27. Rd2 Nxe5 28. Nxe5 fxe5 29. Rd7 exf4 30. Rxa7 Bd4+ 31. Kh1 Rxb2 32. Re7 Ra8 33. a7 fxg3 34. hxg3 Rf2 35. Ra6 Rf7 36. Rxb6 Rxe7 37. Bxe7 Rxa7 38. Bd6 Ra2 39. Rc6 Rc2 40. Rc7 c4 41. Bf4 h5 42. g4 hxg4 43. Be3 Rh2+ 44. Kxh2 Be5+ 45. Kg2 Bxc7 46. Kf2 Kf7 47. Bd4 Ke6 0-1

[Event "Innsbruck op-A 1st"]
[Site "Innsbruck"]
[Date "2017.08.26"]
[Round "2"]
[White "Beshukov, Sergei"]
[Black "Schloffer, Jasmin Denise"]
[Result "1-0"]
[WhiteElo "2397"]
[BlackElo "1917"]
[PlyCount "65"]
[EventDate "2017.08.25"]
[EventType "swiss"]
[EventRounds "9"]
[EventCountry "AUT"]
[SourceTitle "CBM 180 Extra"]
[Source "ChessBase"]
[SourceDate "2017.10.06"]
[SourceVersion "1"]
[SourceVersionDate "2017.10.06"]
[SourceQuality "1"]

1. Nf3 Nf6 2. d4 e6 3. e3 b6 4. Bd3 Bb7 5. 0-0 Be7 6. b3 0-0 7. Bb2 Ne4 8. Nfd2 Nxd2 9. Nxd2 f5 10. e4 g6 11. Qe2 Bf6 12. e5 Bg7 13. f4 Nc6 14. c3 Kh8 15. Rf3 Qe7 16. Rh3 a6 17. Nf3 Kg8 18. Rd1 b5 19. Bb1 Rab8 20. Ng5 h6 21. Nf3 Kf7 22. Nh4 Rg8 23. Rdd3 Bf8 24. Rdg3 Qe8 25. Nxg6 Rxg6 26. Qh5 Ne7 27. Ba3 d6 28. exd6 cxd6 29. Bxd6 Kf6 30. Be5+ Kf7 31. Rxg6 Nxg6 32. Rg3 Rd8 33. Rxg6 1-0

[Event "Porto Mannu op 9th"]
[Site "Porto Mannu"]
[Date "2017.06.06"]
[Round "4"]
[White "De Francesco, Klaus"]
[Black "Beshukov, Sergei"]
[Result "0-1"]
[WhiteElo "2235"]
[BlackElo "2404"]
[PlyCount "64"]
[EventDate "2017.06.03"]
[EventType "swiss"]
[EventRounds "9"]
[EventCountry "ITA"]
[SourceTitle "CBM 178 Extra"]
[Source "ChessBase"]
[SourceDate "2017.06.22"]
[SourceVersion "1"]
[SourceVersionDate "2017.06.22"]
[SourceQuality "1"]

1. d4 Nf6 2. c4 g6 3. Nc3 d5 4. Nf3 Bg7 5. cxd5 Nxd5 6. Bg5 Nxc3 7. bxc3 0-0 8. e3 c5 9. Be2 Nc6 10. 0-0 Qc7 11. Rc1 Rd8 12. Qa4 b6 13. Rfd1 Bb7 14. e4 Na5 15. d5 c4 16. Qb4 Bf8 17. Qb1 Re8 18. e5 f6 19. Bf4 Rad8 20. Bg3 f5 21. Rd4 Rxd5 22. Rcd1 e6 23. h4 Bc5 24. Rxd5 Bxd5 25. Qc1 Qg7 26. Bf4 Nc6 27. Bh6 Qc7 28. h5 Nxe5 29. hxg6 Nxf3+ 30. Bxf3 Bxf3 31. gxh7+ Kxh7 32. Qg5 Rg8 0-1

[Event "Porto Mannu op 9th"]
[Site "Porto Mannu"]
[Date "2017.06.05"]
[Round "3"]
[White "Deglmann, Ludwig"]
[Black "Beshukov, Sergei"]
[Result "1/2-1/2"]
[WhiteElo "2285"]
[BlackElo "2404"]
[PlyCount "99"]
[EventDate "2017.06.03"]
[EventType "swiss"]
[EventRounds "9"]
[EventCountry "ITA"]
[SourceTitle "CBM 178 Extra"]
[Source "ChessBase"]
[SourceDate "2017.06.22"]
[SourceVersion "1"]
[SourceVersionDate "2017.06.22"]
[SourceQuality "1"]

1. d4 Nf6 2. c4 g6 3. Nc3 d5 4. Nf3 Bg7 5. Qb3 dxc4 6. Qxc4 0-0 7. e4 a6 8. e5 b5 9. Qb3 Nfd7 10. Ng5 Nb6 11. Be3 Nc6 12. Rd1 h6 13. Nge4 b4 14. Na4 Be6 15. Qc2 Bd5 16. Ng3 Nxa4 17. Qxa4 f5 18. Ne2 g5 19. f4 e6 20. Rg1 g4 21. h3 h5 22. hxg4 hxg4 23. Bf2 Qd7 24. Qc2 a5 25. Nc1 Ne7 26. Bh4 Ng6 27. Bg5 Kf7 28. Bc4 c6 29. Nb3 Rh8 30. Nc5 Qc8 31. Kf2 Bf8 32. Bxd5 cxd5 33. Rc1 Be7 34. Bxe7 Kxe7 35. Nd3 Qxc2+ 36. Rxc2 Rhc8 37. Rgc1 Rxc2+ 38. Rxc2 Ra6 39. Ke3 Kd8 40. g3 Nf8 41. Rh2 Ke7 42. Nc5 Ra8 43. b3 Rb8 44. Rh1 Rc8 45. Kd3 Rc6 46. Rh2 Ke8 47. Rh8 Ke7 48. Rh1 Ke8 49. Rh8 Ke7 50. Rh1 1/2-1/2

[Event "Budapest Spring op"]
[Site "Budapest"]
[Date "2017.03.23"]
[Round "6"]
[White "Beshukov, Sergei"]
[Black "Estrada Nieto, Julian"]
[Result "1/2-1/2"]
[WhiteElo "2402"]
[BlackElo "2268"]
[PlyCount "173"]
[EventDate "2017.03.18"]
[EventType "swiss"]
[EventRounds "9"]
[EventCountry "HUN"]
[SourceTitle "CBM 177 Extra"]
[Source "ChessBase"]
[SourceDate "2017.04.27"]
[SourceVersion "1"]
[SourceVersionDate "2017.04.27"]
[SourceQuality "1"]

1. Nf3 d5 2. g3 Nf6 3. Bg2 c6 4. d4 Bf5 5. 0-0 Nbd7 6. c4 e6 7. Qb3 Qb6 8. c5 Qxb3 9. axb3 Be7 10. Nc3 0-0 11. b4 a6 12. h3 h6 13. Be3 Ne4 14. Rfd1 Bf6 15. Nh2 Nxc3 16. bxc3 e5 17. g4 exd4 18. cxd4 Bh7 19. Bf4 Rfe8 20. e3 Nf8 21. Bg3 Be4 22. Bf1 Ne6 23. f3 Bh7 24. Ra3 g5 25. Bg2 Rac8 26. Bf2 Nc7 27. Bf1 Re7 28. Be2 Ne6 29. Rd2 Rce8 30. Raa2 Bb1 31. Rab2 Bg6 32. Nf1 h5 33. Bg3 h4 34. Bd6 Rd7 35. Ra2 Bd8 36. Bd1 Bc7 37. Bxc7 Nxc7 38. Ra3 Rde7 39. Kf2 f6 40. Kg1 Kg7 41. Rf2 Ne6 42. Kh2 f5 43. gxf5 Bxf5 44. Kg2 Kg6 45. Rd2 Ng7 46. Rb2 Nh5 47. Bc2 Ng7 48. Bxf5+ Nxf5 49. Kf2 Ng3 50. Nh2 Nf5 51. Ng4 Kg7 52. Rd3 Nh6 53. Nh2 Nf5 54. Re2 Rf8 55. Re1 Ng3 56. Ng4 Ne4+ 57. Kg2 Nf6 58. Nh2 Nh5 59. Rg1 Nf6 60. Kf1 Kh6 61. Ke2 Rfe8 62. Kd2 Re6 63. Ra3 R6e7 64. Nf1 Rf8 65. Ra1 Rfe8 66. Re1 Nh5 67. Re2 Nf4 68. Rh2 Ne6 69. Rhg2 Rf8 70. Nh2 Kh7 71. Rg4 Rf6 72. Kd3 Ref7 73. f4 gxf4 74. Rxh4+ Rh6 75. Rxh6+ Kxh6 76. Ng4+ Kh7 77. Ne5 Rf5 78. exf4 Rxf4 79. Rg4 Rf1 80. h4 Rd1+ 81. Kc3 Rc1+ 82. Kd2 Rh1 83. Nd7 Rh3 84. Nf6+ Kh6 85. Ng8+ Kh5 86. Nf6+ Kh6 87. Ng8+ 1/2-1/2

[Event "Rome City op 1st"]
[Site "Rome"]
[Date "2016.12.10"]
[Round "9"]
[White "Gabuzyan, Hovhannes"]
[Black "Beshukov, Sergei"]
[Result "1-0"]
[WhiteElo "2577"]
[BlackElo "2385"]
[PlyCount "134"]
[EventDate "2016.12.04"]
[EventType "swiss"]
[EventRounds "9"]
[EventCountry "ITA"]
[SourceTitle "CBM 176 Extra"]
[Source "ChessBase"]
[SourceDate "2017.03.02"]
[SourceVersion "1"]
[SourceVersionDate "2017.03.02"]
[SourceQuality "1"]

1. Nf3 d5 2. g3 c6 3. Bg2 Bg4 4. 0-0 Nf6 5. d4 e6 6. Nbd2 Nbd7 7. Re1 Be7 8. e4 dxe4 9. Nxe4 Nxe4 10. Rxe4 Bf5 11. Re1 0-0 12. c3 a5 13. a4 h6 14. Nd2 Re8 15. Nc4 Nb6 16. Ne5 Nd7 17. Ng4 Bh7 18. Ne3 Bf8 19. Bd2 Be7 20. Qb3 Qb6 21. Qa2 Bd3 22. Rad1 Qc7 23. Nc4 Bxc4 24. Qxc4 Nb6 25. Qb3 Nd5 26. h4 Rad8 27. Bf3 Nf6 28. Kg2 Nd5 29. Bc1 Bf8 30. Qc4 Nb6 31. Qb3 Nd5 32. Be4 Nf6 33. Bd3 Qd7 34. Qc2 Qc7 35. Qe2 Qd7 36. Bc4 Nd5 37. Kg1 Qe7 38. Bb3 Qd7 39. Qf3 Qc7 40. Ba2 Qd7 41. Bb1 Qc7 42. Qe2 Nf6 43. Bd3 Qd7 44. Bf4 Bd6 45. Bc1 Bf8 46. Bc2 g6 47. Qe5 Nd5 48. h5 Bg7 49. Qe2 g5 50. Qd3 Nf6 51. f4 g4 52. Re5 Qc7 53. Rde1 Rd5 54. f5 Rxe5 55. dxe5 exf5 56. Qxf5 Qd7 57. Kf2 Qxf5+ 58. Bxf5 Nd5 59. e6 Rf8 60. Kg2 Nf6 61. exf7+ Kxf7 62. Be6+ Ke7 63. Bxg4+ Kd6 64. Bf4+ Kc5 65. Re7 Nxg4 66. Rxg7 Nf6 67. Bxh6 Kd5 1-0

[Event "Vienna op"]
[Site "Vienna"]
[Date "2015.08.20"]
[Round "6"]
[White "Rombaldoni, Axel"]
[Black "Beshukov, Sergei"]
[Result "1-0"]
[WhiteElo "2515"]
[BlackElo "2382"]
[PlyCount "61"]
[EventDate "2015.08.15"]
[EventType "swiss"]
[EventRounds "9"]
[EventCountry "AUT"]
[SourceTitle "EXT 2016"]
[Source "ChessBase"]
[SourceDate "2015.10.08"]
[SourceVersion "1"]
[SourceVersionDate "2015.10.08"]
[SourceQuality "1"]

1. e4 c5 2. Nf3 e6 3. d4 cxd4 4. Nxd4 a6 5. Bd3 Nf6 6. 0-0 d6 7. f4 Nbd7 8. Qf3 Nc5 9. Nc3 Be7 10. Be3 Nxd3 11. cxd3 0-0 12. g4 Ne8 13. Rf2 Bd7 14. f5 e5 15. Nc2 Bc6 16. Rg2 Bg5 17. Bxg5 Qxg5 18. Ne3 b5 19. h4 Qd8 20. g5 b4 21. Ncd5 Bxd5 22. Nxd5 Nc7 23. Ne3 d5 24. f6 g6 25. h5 Qd7 26. Ng4 dxe4 27. dxe4 Qe6 28. Rh2 Rad8 29. Rf1 gxh5 30. Rxh5 Qc4 31. Qf5 1-0

[Event "Vienna op"]
[Site "Vienna"]
[Date "2015.08.18"]
[Round "4"]
[White "Beshukov, Sergei"]
[Black "Lahtela, Silvio"]
[Result "1-0"]
[WhiteElo "2382"]
[BlackElo "2236"]
[PlyCount "85"]
[EventDate "2015.08.15"]
[EventType "swiss"]
[EventRounds "9"]
[EventCountry "AUT"]
[SourceTitle "EXT 2016"]
[Source "ChessBase"]
[SourceDate "2015.10.08"]
[SourceVersion "1"]
[SourceVersionDate "2015.10.08"]
[SourceQuality "1"]

1. Nf3 g6 2. e4 Bg7 3. d4 d6 4. Nc3 a6 5. Bg5 h6 6. Bh4 b5 7. a4 b4 8. Na2 Bb7 9. Bd3 Nd7 10. 0-0 c5 11. c3 bxc3 12. bxc3 Qc7 13. Re1 g5 14. Bg3 e5 15. dxe5 dxe5 16. c4 Ne7 17. Nc3 0-0 18. h4 f6 19. Nh2 Rfd8 20. Nd5 Qd6 21. Qh5 Kh7 22. Ng4 Ng6 23. Nge3 Bc6 24. Nf5 Qf8 25. Nc7 Qf7 26. Nxa8 Bxa8 27. Rad1 Ndf8 28. Bf1 Qc7 29. Qg4 Bc6 30. h5 Nf4 31. Bxf4 exf4 32. Rxd8 Qxd8 33. Rd1 Qb8 34. Nxg7 Kxg7 35. Qf5 Bxa4 36. Rd5 Qe8 37. e5 Nd7 38. Bd3 Nxe5 39. Qh7+ Kf8 40. Qxh6+ Ke7 41. Qg7+ Ke6 42. h6 Qh5 43. Rxe5+ 1-0

[Event "Paris-ch op 90th"]
[Site "Paris"]
[Date "2015.07.05"]
[Round "2"]
[White "Beshukov, Sergei"]
[Black "Louis, Thibault"]
[Result "0-1"]
[WhiteElo "2398"]
[BlackElo "2250"]
[PlyCount "76"]
[EventDate "2015.07.04"]
[EventType "swiss"]
[EventRounds "9"]
[EventCountry "FRA"]
[SourceTitle "CBM 167 Extra"]
[Source "ChessBase"]
[SourceDate "2015.09.14"]
[SourceVersion "1"]
[SourceVersionDate "2015.09.14"]
[SourceQuality "1"]

1. Nf3 d5 2. g3 g6 3. Bg2 Bg7 4. d4 Nf6 5. 0-0 0-0 6. Be3 Ne4 7. Qc1 Bg4 8. h3 Bxf3 9. Bxf3 c5 10. dxc5 Nc6 11. c3 f5 12. Rd1 e5 13. Nd2 Qf6 14. Bg2 f4 15. gxf4 exf4 16. Bd4 Qh4 17. Nxe4 Nxd4 18. cxd4 dxe4 19. Bxe4 f3 20. Bxf3 Rf5 21. Qe3 Raf8 22. Rd3 Kh8 23. Rf1 Bh6 24. Qe4 Rf4 25. Qe6 Bg7 26. d5 g5 27. c6 g4 28. hxg4 R4f6 29. Qe7 h5 30. cxb7 hxg4 31. Bg2 Qh5 32. Rb3 R6f7 33. Qxf8+ Rxf8 34. b8Q Rxb8 35. Rxb8+ Kh7 36. Be4+ Kh6 37. Kg2 Qh3+ 38. Kg1 Be5 0-1

[Event "Paris-ch op 90th"]
[Site "Paris"]
[Date "2015.07.04"]
[Round "1"]
[White "Le Ruyet, Leopold"]
[Black "Beshukov, Sergei"]
[Result "1-0"]
[WhiteElo "2238"]
[BlackElo "2398"]
[PlyCount "49"]
[EventDate "2015.07.04"]
[EventType "swiss"]
[EventRounds "9"]
[EventCountry "FRA"]
[SourceTitle "CBM 167 Extra"]
[Source "ChessBase"]
[SourceDate "2015.09.14"]
[SourceVersion "1"]
[SourceVersionDate "2015.09.14"]
[SourceQuality "1"]

1. e4 c5 2. Nf3 e6 3. d4 cxd4 4. Nxd4 Nc6 5. Nc3 Qc7 6. Be2 a6 7. a4 Nf6 8. 0-0 Bb4 9. Bg5 Bxc3 10. Bxf6 gxf6 11. bxc3 Ne7 12. Qd3 Ng6 13. g3 d6 14. f4 h5 15. f5 Ne5 16. Qe3 Qe7 17. Qf2 Rh6 18. Qf4 Qf8 19. Rab1 Qg7 20. Rb6 Nd7 21. fxe6 Nxb6 22. Nf5 Qf8 23. Nxd6+ Ke7 24. Nf5+ Kxe6 25. Rd1 1-0

[Event "Porto Mannu op 7th"]
[Site "Porto Mannu"]
[Date "2015.06.12"]
[Round "8"]
[White "Beshukov, Sergei"]
[Black "Tischbierek, Raj"]
[Result "1/2-1/2"]
[WhiteElo "2385"]
[BlackElo "2442"]
[PlyCount "149"]
[EventDate "2015.06.06"]
[EventType "swiss"]
[EventRounds "9"]
[EventCountry "ITA"]
[SourceTitle "CBM 166 Extra"]
[Source "ChessBase"]
[SourceDate "2015.06.18"]
[SourceVersion "1"]
[SourceVersionDate "2015.06.18"]
[SourceQuality "1"]

1. c4 c6 2. Nf3 d5 3. e3 Nf6 4. Nc3 g6 5. d4 Bg7 6. Bd3 0-0 7. 0-0 Bg4 8. h3 Bxf3 9. Qxf3 e6 10. Rd1 Nbd7 11. b3 Re8 12. Bb2 Qe7 13. Qe2 a6 14. Rac1 Rac8 15. Re1 Red8 16. Bb1 Re8 17. Red1 Red8 18. Rd2 h5 19. Rdd1 Re8 20. Kh1 Red8 21. a3 Re8 22. Re1 Red8 23. Qf3 Re8 24. Red1 Rcd8 25. Qg3 Rc8 26. e4 dxe4 27. Bxe4 Nxe4 28. Nxe4 Red8 29. c5 Nf6 30. Nd6 Rb8 31. Bc3 Nd5 32. b4 Qc7 33. Qf3 Rxd6 34. cxd6 Qxd6 35. Bb2 Rd8 36. Rc2 Ne7 37. Rcd2 Qd5 38. Qxd5 Rxd5 39. Rd3 h4 40. g4 hxg3 41. fxg3 Nf5 42. g4 Nd6 43. Kg2 a5 44. bxa5 Rxa5 45. Rb3 b5 46. Bc3 Ra8 47. Bb4 Nc4 48. Kf3 Rd8 49. Bc5 Rd5 50. a4 bxa4 51. Rb4 Ne5+ 52. Ke2 Nd7 53. Rc1 e5 54. Ba7 a3 55. Ra4 exd4 56. Rxc6 d3+ 57. Kd1 Bb2 58. Be3 Ne5 59. Rc8+ Kg7 60. Rc7 g5 61. Bxg5 Nf3 62. Bd2 Kg6 63. Ra6+ f6 64. Raa7 Nxd2 65. Kxd2 Kg5 66. Rh7 Kf4 67. Rh5 Rd8 68. Rf5+ Kg3 69. g5 Bc3+ 70. Kxc3 d2 71. Rf1 d1Q 72. Rxd1 Rxd1 73. gxf6 Rf1 74. Rxa3 Rxf6 75. Kd4+ 1/2-1/2